<?xml version="1.0" encoding="UTF-8"?><?xml-stylesheet type="text/xsl" href="static/style.xsl"?><OAI-PMH xmlns="http://www.openarchives.org/OAI/2.0/" xmlns:xsi="http://www.w3.org/2001/XMLSchema-instance" xsi:schemaLocation="http://www.openarchives.org/OAI/2.0/ http://www.openarchives.org/OAI/2.0/OAI-PMH.xsd"><responseDate>2026-06-01T11:21:20Z</responseDate><request verb="GetRecord" identifier="oai:riuma.uma.es:10630/6562" metadataPrefix="marc">https://riuma.uma.es/rest/oai/request</request><GetRecord><record><header><identifier>oai:riuma.uma.es:10630/6562</identifier><datestamp>2026-02-03T12:52:48Z</datestamp><setSpec>com_10630_5701</setSpec><setSpec>com_10630_3139</setSpec><setSpec>com_10630_10</setSpec><setSpec>col_10630_6477</setSpec></header><metadata><record xmlns="http://www.loc.gov/MARC21/slim" xmlns:dcterms="http://purl.org/dc/terms/" xmlns:doc="http://www.lyncode.com/xoai" xmlns:xsi="http://www.w3.org/2001/XMLSchema-instance" xsi:schemaLocation="http://www.loc.gov/MARC21/slim http://www.loc.gov/standards/marcxml/schema/MARC21slim.xsd">
   <leader>00925njm 22002777a 4500</leader>
   <datafield ind2=" " ind1=" " tag="042">
      <subfield code="a">dc</subfield>
   </datafield>
   <datafield ind2=" " ind1=" " tag="720">
      <subfield code="a">Reder-Gadow, Marion</subfield>
      <subfield code="e">author</subfield>
   </datafield>
   <datafield ind2=" " ind1=" " tag="720">
      <subfield code="a">Pérez Frías, Pedro Luis</subfield>
      <subfield code="e">author</subfield>
   </datafield>
   <datafield ind2=" " ind1=" " tag="260">
      <subfield code="c">2009</subfield>
   </datafield>
   <datafield ind2=" " ind1=" " tag="520">
      <subfield code="a">La noticia del alzamiento madrileño del 2 de mayo de 1808 en Málaga desencadenó una&#xd;
reacción popular con trágicas consecuencias. En Vélez-Málaga la actitud afecta a la causa&#xd;
francesa de su corregidor creó tal tensión entre los vecinos que la Junta Local Gubernativa&#xd;
consideró prudente su protección policial y posterior traslado a Granada. Tras el avance de&#xd;
los ejércitos franceses por Andalucía, José Napoleón I inicia una visita real a las ciudades&#xd;
andaluzas. Desde Málaga se traslada a Vélez para conocer su singular cultivo de la caña de&#xd;
azúcar y es recibido con todos los honores. El descontento popular se traslada a la comarca&#xd;
de la Axarquía, en la que surgen numerosas partidas de patriotas encabezados por rebeldes de&#xd;
diferente procedencia social pero con el mismo objetivo: arrojar de Andalucía al ejército de&#xd;
ocupación francés y restablecer en el trono a su legítimo Soberano Fernando VII.</subfield>
   </datafield>
   <datafield ind2=" " ind1=" " tag="520">
      <subfield code="a">The announcement of the uprising in Madrid, on the 2nd of May, 1808, unleashed a popular&#xd;
response in Malaga, which had tragic consequences. In Vélez-Málaga, the sympathetic attitude of&#xd;
their magistrate to the French cause provoked so much tension among the neighbourhood that the&#xd;
Local Cabinet Meeting cautiously considered to arrange him a police protection and subsequent&#xd;
transfer to Granada. After the advance of the French army through Andalucía, José Napoleón I&#xd;
begin a royal visit to the Andalusian cities. From Málaga he moves to Vélez, in order to know about&#xd;
their peculiar sugar cane cultivation; there, he is welcomed with all the honours. Public outcry&#xd;
moves then to the Axarquía region, where many groups of patriots, leaded by rebels coming from&#xd;
different social classes, arise with a same objective: to expel the French occupation army from&#xd;
Andalucía and restore the throne to their legitimate Sovereign, Fernando VII.</subfield>
   </datafield>
   <datafield ind1="8" ind2=" " tag="024">
      <subfield code="a">REDER GADOW, MARION; PÉREZ FRÍAS, PEDRO LUIS "La guerra de la independencia en Vélez-Málaga y en la Axarquía : guerillas y contraguerrillas" Baetica, 31, 2009, 411-438</subfield>
   </datafield>
   <datafield ind1="8" ind2=" " tag="024">
      <subfield code="a">0212-5099</subfield>
   </datafield>
   <datafield ind1="8" ind2=" " tag="024">
      <subfield code="a">http://hdl.handle.net/10630/6562</subfield>
   </datafield>
   <datafield tag="653" ind2=" " ind1=" ">
      <subfield code="a">Vélez-Málaga - Historia - 1808-1814, Guerra de la Independencia</subfield>
   </datafield>
   <datafield ind2="0" ind1="0" tag="245">
      <subfield code="a">La guerra de la independencia en Vélez-Málaga y en la Axarquía : guerillas y contraguerrillas</subfield>
   </datafield>
</record>
</metadata></record></GetRecord></OAI-PMH>